| 000 | 00612nam a2200229Ia 4500 | ||
|---|---|---|---|
| 005 | 20240426152632.0 | ||
| 008 | 131103s9999 xx 000 0 und d | ||
| 020 | _a335192904 | ||
| 040 | _aLoreto College | ||
| 041 | _aEnglish | ||
| 082 |
_a371.3 _bSTO |
||
| 100 | _aStoll,Louise | ||
| 245 |
_aChanging Our Schools _b _cLouise Stoll Dean Fink |
||
| 250 | _alinking school effectiveness and school improvement | ||
| 260 |
_aBuckingham _bOUP _c1996 |
||
| 300 | _axi,220p. | ||
| 504 | _aIncludes reference & index | ||
| 650 | _aEducation | ||
| 700 | _aFink, Dean | ||
| 850 | _aLCBED | ||
| 942 | _cBK | ||
| 999 |
_c27330 _d77809 |
||